00600nam a22001697a 4500003000400000005001700004008004100021020001800062050002700080100002100107245016100128260005500289300002100344521000900365630002800374630002800402OSt20140310182953.0130206t xxu||||| |||| 00| 0 eng d a9789719393429 aHF 5686.C7b.V234 2010 aValencia, Edwin. aPartnership and corportion accounting :bconcepts, principles, procedures and applications /cEdwin G. Valencia, Gregorio F. Roxas, Darrell Joe O. Asuncion. aBaguio City :bValencia educational supply,c2009. a612 p. :c25 cm. aBSBA aPartnershipxAccounting aCorporationxAccounting